Movies Quiz

Random Movies or Word Play Quiz

Best Picture by Six Letters Quiz Stats

 Plays Quiz Updated Feb 20, 2020

Support Sporcle.
Go Orange.
Score 0/42 Timer 08:00
1 Play Today
Six Letters Best Picture % Correct
VS. KRAMKramer vs. Kramer
89.3%
ABLANCCasablanca
88.1%
DOG MILSlumdog Millionaire
87.5%
HE DEPAThe Departed
87%
NIE HALAnnie Hall
85.9%
URT LOCThe Hurt Locker
85%
POTLIGSpotlight
82.2%
UT OF AFOut Of Africa
80%
ARY PEOOrdinary People
77.8%
ICAN BEAmerican Beauty
74%
HINDLESchindler's List
73.6%
ION DOLMillion Dollar Baby
68%
REST GUForrest Gump
66%
LEW OVEOne Flew Over The Cuckoo's Nest
65.4%
TINY ONMutiny On The Bounty
65.1%
M HERE TFrom Here To Eternity
62.4%
TRY FORNo Country For Old Men
61.6%
IDE STOWest Side Story
61.2%
EARE INShakespeare In Love
61.1%
FUL MINA Beautiful Mind
60.5%
ONE WITGone With The Wind
60.2%
Six Letters Best Picture % Correct
AIR LADMy Fair Lady
59.8%
HE ARTIThe Artist
58.9%
ND OF MUThe Sound Of Music
56.9%
NCH CONThe French Connection
55.1%
ING MISDriving Miss Daisy
53.8%
ITH WOLDances With Wolves
53.8%
ING'S SPThe King's Speech
53%
HE WATEOn The Waterfront
50.6%
OST WEEThe Lost Weekend
50%
REEN BOGreen Book
48.1%
ISH PATThe English Patient
45.7%
NE NIGHIt Happened One Night
42.5%
ING'S MEAll The King's Men
30.9%
NCE OF TThe Silence Of The Lambs
28.7%
GE ON THBridge On The River Kwai
28.7%
EEN WASHow Green Was My Valley
20.5%
N THE WEAll Quiet On The Western Front
20.4%
N FOR ALA Man For All Seasons
20.1%
AND HOTGrand Hotel
19.4%
HE BROAThe Broadway Melody
16.2%
HER PARThe Godfather Part II
11.4%

From the Vault

Actors & Actresses by Movie: 'P'

by kfastic

Movies 5m
We're very impressed by these performances.
Remove Ads.
Support Sporcle.
Get the best of Sporcle when you Go Orange. This ad-free experience offers more features, more stats, and more fun while also helping to support Sporcle. Thank you for becoming a member.

Show Comments

Extras

Top Quizzes Today


Score Distribution

Your Account Isn't Verified!

In order to create a playlist on Sporcle, you need to verify the email address you used during registration. Go to your Sporcle Settings to finish the process.

Report this User

Report this user for behavior that violates our Community Guidelines.

Details: